000 00620nam a2200181 4500
001 140549
003 ES-MaACL
005 20230906200112.0
007 t|
008 070214s1958 sp r ||||1| spa d
100 1 _aSears, Francis Weston.
_9104994
245 1 0 _aFundamentos de Física /
_cFrancis Weston Sears ; versión de Luis Bravo Gala.
260 _aMadrid :
_bAguilar,
_c1958.
300 _a3 v. :
_bil. ;
_c22 cm.
505 8 _aContiene: Vol. I. Mecánica, calor y sonido. Vol. II. Electricidad y magnetismo. Vol. III. Optica
700 1 _aBravo Gala, Luis.
_931482
852 _aES-MaACL
_jE-3530-2
_bR.41800
999 _c140549
_d140549